Vyhodnotenie nástrojov regulácie SIB a G-SIB diplomová práca

Gespeichert in:
Bibliographische Detailangaben
1. Verfasser: Ráček, Dominik
Körperschaft: Národohospodárska fakulta EU. Katedra bankovníctva a medzinárodných financií
Weitere Verfasser: Horvátová, Eva, 1958-
Format: Buch
Sprache:Slowakisch
Veröffentlicht: Bratislava 2022
Tags: Tag hinzufügen
Keine Tags, Fügen Sie das erste Tag hinzu!

MARC

LEADER 00000nbm a2200000 4500
001 0284101
005 20221007144205.4
041 0 |a slo 
044 |a SK 
245 1 0 |a Vyhodnotenie nástrojov regulácie SIB a G-SIB  |b diplomová práca  |c Dominik Ráček ; školiteľ: Eva Horvátová 
264 1 |a Bratislava  |c 2022 
300 |a 65 s. 
100 1 |a Ráček, Dominik 
700 1 |a Horvátová, Eva, 1958- 
710 2 |a Národohospodárska fakulta EU. Katedra bankovníctva a medzinárodných financií